Formula One: All FERRARI Formula 1 Drivers (64) - Statistics

General Stats
  • This quiz has been taken 228 times
    168 since last reset
  • The average score is 27 of 66
Answer Stats
Season #Starts Driver % Correct
1996 - 2006 180 ๐Ÿ‡ฉ๐Ÿ‡ช***** Michael Schumacher
97%
2025 - 24 ๐Ÿ‡ฌ๐Ÿ‡ง Lewis Hamilton
95%
2019 - 150 ๐Ÿ‡ฒ๐Ÿ‡จ Charles Leclerc
93%
2007 - 20092014 - 2018 151 ๐Ÿ‡ซ๐Ÿ‡ฎ* Kimi Rรคikkรถnen
91%
2015 - 2020 118 ๐Ÿ‡ฉ๐Ÿ‡ช Sebastian Vettel
91%
1974 - 1977 57 ๐Ÿ‡ฆ๐Ÿ‡น** Niki Lauda
90%
2010 - 2013 96 ๐Ÿ‡ช๐Ÿ‡ธ Fernando Alonso
89%
2021 - 2024 88 ๐Ÿ‡ช๐Ÿ‡ธ Carlos Sainz
87%
2006 - 2014 139 ๐Ÿ‡ง๐Ÿ‡ท Felipe Massa
85%
2000 - 2005 102 ๐Ÿ‡ง๐Ÿ‡ท Rubens Barrichello
84%
1990 - 1991 30 ๐Ÿ‡ซ๐Ÿ‡ท Alain Prost
81%
1956 7 ๐Ÿ‡ฆ๐Ÿ‡ท* Juan Manuel Fangio
79%
1977 - 1982โ€ข 66 ๐Ÿ‡จ๐Ÿ‡ฆ Gilles Villeneuve
74%
1950 - 1953 27 ๐Ÿ‡ฎ๐Ÿ‡น** Alberto Ascari
70%
1958 - 1962 30 ๐Ÿ‡บ๐Ÿ‡ธ* Phil Hill
70%
2024 1 ๐Ÿ‡ฌ๐Ÿ‡ง Oliver Bearman
66%
1989 - 1990 31 ๐Ÿ‡ฌ๐Ÿ‡ง Nigel Mansell
64%
1952 - 1955 20 ๐Ÿ‡ฎ๐Ÿ‡น Giuseppe Farina
63%
1979 - 1980 28 ๐Ÿ‡ฟ๐Ÿ‡ฆ* Jody Scheckter
63%
1971, 1972, 1982 12 ๐Ÿ‡บ๐Ÿ‡ธ Mario Andretti
63%
1987 - 19891993 - 1995 95 ๐Ÿ‡ฆ๐Ÿ‡น Gerhard Berger
62%
1996 - 1999 65 ๐Ÿ‡ฎ๐Ÿ‡ช Eddie Irvine
56%
1968 - 1973 55 ๐Ÿ‡ง๐Ÿ‡ช Jacky Ickx
54%
1991 - 1995 79 ๐Ÿ‡ซ๐Ÿ‡ท Jean Alesi
54%
2009 5 ๐Ÿ‡ฎ๐Ÿ‡น Giancarlo Fisichella
53%
1963 - 1966 30 ๐Ÿ‡ฌ๐Ÿ‡ง* John Surtees
48%
1957 - 1958 35 ๐Ÿ‡ฌ๐Ÿ‡ง* Mike Hawthorn
47%
1976 - 1978 34 ๐Ÿ‡ฆ๐Ÿ‡ท Carlos Reutemann
46%
1970 - 1976 73 ๐Ÿ‡จ๐Ÿ‡ญ Clay Regazzoni
44%
1984 - 1988 80 ๐Ÿ‡ฎ๐Ÿ‡น Michele Alboreto
39%
1998 6 ๐Ÿ‡ซ๐Ÿ‡ฎ Mika Salo
39%
1983 - 1985 32 ๐Ÿ‡ซ๐Ÿ‡ท Rene Arnoux
37%
1957 - 19581960 - 1961โ€ข 25 ๐Ÿ‡ฉ๐Ÿ‡ช Wolfgang Graf Berghe von Trips
32%
1964, 1965, 1969 5 ๐Ÿ‡ฒ๐Ÿ‡ฝ Pedro Rodriguez
31%
1961, 1962 5 ๐Ÿ‡ฒ๐Ÿ‡ฝ Ricardo Rodriguez
31%
1981 - 1982 25 ๐Ÿ‡ซ๐Ÿ‡ท Didier Pironi
30%
1951, 1954, 1957 15 ๐Ÿ‡ฆ๐Ÿ‡ท Josรฉ Froilรกn Gonzรกlez
28%
2009 2 ๐Ÿ‡ฎ๐Ÿ‡น Luca Badoer
27%
1967 - 1969 27 ๐Ÿ‡ณ๐Ÿ‡ฟ Chris Amon
23%
1982 - 1983 21 ๐Ÿ‡ซ๐Ÿ‡ท Patrick Tambay
23%
1985 - 1986 31 ๐Ÿ‡ธ๐Ÿ‡ช Stefan Johansson
23%
1956 - 1958โ€ข 20 ๐Ÿ‡ฌ๐Ÿ‡ง Peter Collins
21%
1959 7 ๐Ÿ‡ฌ๐Ÿ‡ง Tony Brooks
21%
1962 - 1966โ€ข 35 ๐Ÿ‡ฎ๐Ÿ‡น Lorenzo Bandini
18%
1956 - 1958โ€ข 15 ๐Ÿ‡ฎ๐Ÿ‡น Luigi Musso
18%
1992 14 ๐Ÿ‡ฎ๐Ÿ‡น Ivan Capelli
17%
1954, 1955, 1957 17 ๐Ÿ‡ซ๐Ÿ‡ท Maurice Trintignant
17%
1962 8 ๐Ÿ‡ฎ๐Ÿ‡น Giancarlo Baghetti
16%
1951, 1952, 1954 13 ๐Ÿ‡ฎ๐Ÿ‡น Piero Taruffi
16%
1959 4 ๐Ÿ‡บ๐Ÿ‡ธ Dan Gurney
15%
1960 - 1961 10 ๐Ÿ‡บ๐Ÿ‡ธ Richie Ginther
15%
1992, 1994 4 ๐Ÿ‡ฎ๐Ÿ‡น Nicola Larini
14%
1955 - 1957โ€ข 11 ๐Ÿ‡ฎ๐Ÿ‡น Eugenio Castellotti
13%
1963 - 1967 6 ๐Ÿ‡ฎ๐Ÿ‡น Ludovico Scarfiotti
11%
1950 - 1953 20 ๐Ÿ‡ฎ๐Ÿ‡น Luigi Villoresi
11%
1973 9 ๐Ÿ‡ฎ๐Ÿ‡น Arturo Merzario
7%
1959, 1960 6 ๐Ÿ‡ฌ๐Ÿ‡ง Cliff Allison
7%
1991 1 ๐Ÿ‡ฎ๐Ÿ‡น Gianni Morbidelli
7%
1967 1 ๐Ÿ‡ฌ๐Ÿ‡ง Jonathan Williams
7%
1960 - 1963 10 ๐Ÿ‡ง๐Ÿ‡ช Willi Mairesse
7%
1970 4 ๐Ÿ‡ฎ๐Ÿ‡น Ignazio Giunti
6%
1968 1 ๐Ÿ‡ฎ๐Ÿ‡น Andrea de Adamich
5%
1968 2 ๐Ÿ‡ฌ๐Ÿ‡ง Derek Bell
5%
1966, 1967 6 ๐Ÿ‡ฌ๐Ÿ‡ง Mike Parkes
5%
1965 1 ๐Ÿ‡ฎ๐Ÿ‡น Nino Vaccarella
4%
1972 1 ๐Ÿ‡ฎ๐Ÿ‡น Nanni Galli
3%
No matching quizzes found
Score Distribution
Percent of People with Each Score
Percentile by Number Answered
Your Score History
You have not taken this quiz since the last reset